000 00850nam a2200289Ia 4500
005 20260324111853.0
008 008 260324s9999 xx 000 0 eng d
020 _a9781003564966
037 _aEBOOK
040 _aCRL
040 _beng
040 _cCRL
041 _2eng
041 _aeng
084 _qCRL
100 _aFong Peng Chew
_91140355
245 0 _aGlobal Dialogue on Media Dynamics, Trends and Perspectives on Public Relations and Communication
245 0 _bProceedings of the International Conference on Public Relations and Media Communication, (PRMC 2024), June 28-30, 2024, Beijing, China
260 _bTaylor and Francis
260 _c2025
365 _a
365 _b355
856 _uhttp://www.taylorfrancis.com/books/9781003564966
942 _cEBOOK
999 _c1729318
_d1729318